[Event "Wiesbaden op 24th"]
[Site "Wiesbaden"]
[Date "2012.08.25"]
[Round "4"]
[White "Launert, Martin"]
[Black "Busch, Silvan"]
[Result "1-0"]
[WhiteElo "1870"]
[BlackElo "1657"]
[PlyCount "85"]
[EventDate "2012.08.23"]
[EventType "swiss"]
[EventRounds "7"]
[EventCountry "GER"]
[SourceTitle "CBM 150 Extra"]
[Source "ChessBase"]
[SourceDate "2012.10.19"]
[SourceVersion "1"]
[SourceVersionDate "2012.10.19"]
[SourceQuality "1"]

1. e4 e5 2. Nf3 Nc6 3. Bb5 Nge7 4. d4 exd4 5. Nxd4 Nxd4 6. Qxd4 c6 7. Ba4 d5 8. Nc3 Be6 9. Bg5 f6 10. Bxf6 dxe4 11. Bxg7 Qxd4 12. Bxd4 Rg8 13. Nxe4 0-0-0 14. 0-0-0 Rxg2 15. Bxa7 Rxd1+ 16. Kxd1 Rg4 17. f3 Rg2 18. Bb3 Bxb3 19. axb3 Bg7 20. Rg1 Rxg1+ 21. Bxg1 Bxb2 22. c3 Nd5 23. Kc2 Ba3 24. b4 Bxb4 25. cxb4 Nxb4+ 26. Kb3 Nd3 27. Nf6 Ne1 28. f4 Nf3 29. Be3 Nxh2 30. Nxh7 Ng4 31. f5 Kd7 32. Bg5 Ke8 33. Nf6+ Nxf6 34. Bxf6 Kf7 35. Be5 b6 36. Kc4 Ke7 37. Kd3 Kf7 38. Ke4 Ke7 39. Bc7 b5 40. Ke5 b4 41. Bd6+ Kf7 42. Bxb4 Kg7 43. Ke6 1-0

[Event "Karl Mala Memorial op 14th"]
[Site "Frankfurt"]
[Date "2011.07.08"]
[Round "3"]
[White "Busch, Silvan"]
[Black "Traut, Stefan"]
[Result "0-1"]
[WhiteElo "1261"]
[BlackElo "1811"]
[PlyCount "86"]
[EventDate "2011.07.07"]
[EventType "swiss"]
[EventRounds "7"]
[EventCountry "GER"]
[SourceTitle "EXT 2012"]
[Source "ChessBase"]
[SourceDate "2011.11.24"]
[SourceVersion "1"]
[SourceVersionDate "2011.11.24"]
[SourceQuality "1"]

1. e4 c5 2. Nc3 Nc6 3. Nf3 d6 4. h3 g6 5. Bc4 e6 6. 0-0 Bg7 7. d3 Nge7 8. Ng5 h6 9. Nf3 0-0 10. Be3 d5 11. exd5 exd5 12. Bxd5 Nxd5 13. Nxd5 Qxd5 14. Qd2 Kh7 15. c3 b6 16. Rfe1 Bb7 17. c4 Qd7 18. Rad1 Rad8 19. a3 a5 20. b3 Rfe8 21. Kf1 Nd4 22. Nxd4 cxd4 23. Bf4 Qc6 24. f3 Rxe1+ 25. Rxe1 Re8 26. Rd1 g5 27. Bh2 Qf6 28. Qf2 Re3 29. Kg1 Qe7 30. Kf1 Be5 31. Bxe5 Qxe5 32. Re1 Rxe1+ 33. Qxe1 Qxe1+ 34. Kxe1 Kg6 35. Kf2 Kf5 36. Kg3 h5 37. Kf2 h4 38. g3 f6 39. b4 axb4 40. axb4 hxg3+ 41. Kxg3 Bc8 42. Kg2 Kf4 43. Kf2 Bb7 0-1

[Event "Karl Mala Memorial op 14th"]
[Site "Frankfurt"]
[Date "2011.07.08"]
[Round "2"]
[White "Schomann, Michael"]
[Black "Busch, Silvan"]
[Result "1-0"]
[WhiteElo "1748"]
[BlackElo "1261"]
[PlyCount "71"]
[EventDate "2011.07.07"]
[EventType "swiss"]
[EventRounds "7"]
[EventCountry "GER"]
[SourceTitle "EXT 2012"]
[Source "ChessBase"]
[SourceDate "2011.11.24"]
[SourceVersion "1"]
[SourceVersionDate "2011.11.24"]
[SourceQuality "1"]

1. d4 Nc6 2. Nf3 Nf6 3. c4 d6 4. Nc3 Bf5 5. Qa4 Qd7 6. Bf4 e5 7. dxe5 dxe5 8. Nxe5 Nxe5 9. Bxe5 Qxa4 10. Nxa4 Ne4 11. a3 0-0-0 12. f3 Nc5 13. Nxc5 Bxc5 14. e4 Bd7 15. Bxg7 Rhe8 16. Bf6 Be7 17. Bxe7 Rxe7 18. Rd1 Rde8 19. Bd3 f5 20. 0-0 fxe4 21. Bxe4 Ba4 22. Rd4 c5 23. Rd2 Bb3 24. Rc1 a5 25. Rc3 a4 26. Kf2 Kc7 27. Bc2 Bxc2 28. Rcxc2 Re3 29. Re2 Rxe2+ 30. Rxe2 Rxe2+ 31. Kxe2 Kd6 32. f4 Ke6 33. g4 Kf6 34. Ke3 b6 35. Ke4 h6 36. Kd5 1-0

[Event "Eschborn op 08th"]
[Site "Eschborn"]
[Date "2011.05.13"]
[Round "1"]
[White "Kolker, Vladislav"]
[Black "Busch, Silvan"]
[Result "1-0"]
[WhiteElo "2104"]
[BlackElo "1051"]
[PlyCount "36"]
[EventDate "2011.05.13"]
[EventType "swiss"]
[EventRounds "5"]
[EventCountry "GER"]
[SourceTitle "EXT 2014"]
[Source "ChessBase"]
[SourceDate "2013.11.20"]
[SourceVersion "1"]
[SourceVersionDate "2013.11.20"]
[SourceQuality "1"]

1. e4 e5 2. f4 Nc6 3. Nf3 exf4 4. d4 Nf6 5. d5 Ne7 6. Nc3 d6 7. Bxf4 Ng6 8. Be3 Bd7 9. Bd3 Be7 10. Qd2 0-0 11. 0-0 c6 12. Nd4 cxd5 13. exd5 Re8 14. Nf5 Ng4 15. Bd4 Bxf5 16. Bxf5 Bf6 17. Bxf6 Nxf6 18. Qf2 Ne5 1-0

[Event "Karl Mala Memorial op 13th"]
[Site "Frankfurt"]
[Date "2010.07.08"]
[Round "1"]
[White "Busch, Silvan"]
[Black "Will, Patrick"]
[Result "0-1"]
[WhiteElo "1003"]
[BlackElo "1919"]
[PlyCount "60"]
[EventDate "2010.07.08"]
[EventType "swiss"]
[EventRounds "7"]
[EventCountry "GER"]
[SourceTitle "EXT 2012"]
[Source "ChessBase"]
[SourceDate "2011.11.24"]
[SourceVersion "1"]
[SourceVersionDate "2011.11.24"]
[SourceQuality "1"]

1. e4 Nc6 2. Nf3 Rb8 3. Bc4 b5 4. Bb3 e6 5. d4 Bb7 6. Qe2 a6 7. d5 Na5 8. 0-0 Nxb3 9. cxb3 Be7 10. dxe6 dxe6 11. Rd1 Qc8 12. Bd2 Nf6 13. e5 Nd5 14. Bg5 Bxg5 15. Nxg5 h6 16. Nf3 0-0 17. Nc3 Rd8 18. Rd4 c5 19. Rh4 Ne7 20. Ng5 hxg5 21. Qh5 gxh4 22. Qxh4 Ng6 23. Qh5 Bxg2 24. Re1 Qc6 25. Qg4 Bf3 26. Qg5 Rd4 27. Kf1 Rg4 28. Qd2 Nf4 29. Re3 Be2+ 30. Nxe2 Qh1+ 0-1

[Event "Karl Mala Memorial op 11th"]
[Site "Frankfurt"]
[Date "2008.06.27"]
[Round "3"]
[White "Voss, Mathieu"]
[Black "Busch, Silvan"]
[Result "1-0"]
[WhiteElo "1465"]
[BlackElo "787"]
[PlyCount "79"]
[EventDate "2008.06.26"]
[EventType "swiss"]
[EventRounds "7"]
[EventCountry "GER"]
[SourceTitle "CBM 125 Extra"]
[Source "ChessBase"]
[SourceDate "2008.09.01"]
[SourceVersion "1"]
[SourceVersionDate "2008.09.01"]
[SourceQuality "1"]

1. e4 e5 2. Nc3 Nf6 3. Bc4 Nc6 4. Nf3 Bc5 5. d3 d6 6. h3 Bb4 7. Bd2 Nd4 8. Nxd4 exd4 9. Nd5 Nxd5 10. Bxd5 Bxd2+ 11. Qxd2 0-0 12. 0-0 c6 13. Bb3 Be6 14. Bxe6 fxe6 15. Qb4 b6 16. Qxd4 e5 17. Qc4+ d5 18. Qxc6 dxe4 19. Qxe4 Rc8 20. Rac1 Rc7 21. Qxe5 Rf6 22. Qb5 Rcf7 23. Rce1 h6 24. Re8+ Qxe8 25. Qxe8+ Rf8 26. Qa4 a5 27. d4 Rc8 28. c3 Re6 29. Qb3 Rce8 30. f4 Kh7 31. Qb5 Rf8 32. Qd3+ Kg8 33. Qc4 Rff6 34. f5 b5 35. Qc8+ Rf8 36. Qxe6+ Rf7 37. f6 gxf6 38. Rxf6 Kh7 39. Qxf7+ Kh8 40. Rxh6# 1-0